Constituição do Estado de Mato Grosso / (Record no. 1027)

MARC details
000 -LÍDER
Campo Fixo de Controle 00888nam a2200217 a 4500
001 - NÚMERO DE CONTROLE
Campo de Controle 1027
003 - IDENTIFICAÇÃO DO NÚMERO DE CONTROLE
Campo de Controle BR-CuiBMT
005 - DATA E HORA DA ÚLTIMA ATUALIZAÇÃO
Campo de Controle 20231126175802.0
008 - DADOS FIXOS
Dados Fixos 231126s2005 mtb 000 0 por d
040 ## - AGÊNCIA CATALOGADORA
Código da Agência Catalogadora BR-CuiBMT
Agência que transcreveu o registro BR-CuiBMT
080 ## - Nº DA CLASSIFICAÇÃO DECIMAL UNIVERSAL
Nº edição CDU 2007
Nº Class. CDU 342.4
Subd. Auxiliar Comum (817.2)"1989"
090 ## - NÚMERO DE CHAMADA
Nº classificação 342.4(817.2)"1989"
Cutter C758
245 00 - TÍTULO PRINCIPAL
Título principal Constituição do Estado de Mato Grosso /
Indicação de responsabilidade Organizador: Zaluir Pedro Assad.
250 ## - EDIÇÃO
Edição 2. ed., rev. e atual.
260 ## - PUBLICAÇÃO, DISTRIBUIÇÃO, ETC.
Local de publicação Cuiabá :
Editora Fábrika das Letras,
Data 2005.
300 ## - DESCRIÇÃO FÍSICA
N. páginas ou volumes 249 p. ;
Dimensões 22 cm
500 ## - NOTAS GERAIS
Notas gerais Promulgada em 05 de outubro de 1989. Publicada no Diário Oficial em 18 de outubro de 1989. Atualizada até a Emenda Constitucional nº 36, de 15/06/2005. E Lei Complementar nº 216, de 04/07/2005. Texto atualizado, com destaque para o texto original.
504 ## - NOTA DE BIBLIOGRAFIA, ETC.
Nota de bibliografia Inclui bibliografia.
650 ## - ASSUNTO TÓPICO
Cabeçalho tópico ou nome geográfico Constituição
Subdivisão geográfica Mato Grosso
942 ## - ELEMENTOS DE ENTRADA ADICIONAIS (KOHA)
Fonte de classificação ou esquema de arquivamento Classificação Decimal Universal
Tipo de item do Koha Livros
Holdings
Estado: removido Estado: perdido Fonte de classificação ou esquema de arquivamento Estado: danificado Indisponível para empréstimo Localização permanente Localização atual Data de aquisição Total Checkouts Número de Chamada completo Código de barras Date last seen Número do exemplar Preço efetivo a partir de Tipo de item (Koha)
    Classificação Decimal Universal     Biblioteca da Escola Superior de Contas do TCE/MT Biblioteca da Escola Superior de Contas do TCE/MT 26/11/2023   342.4(817.2)"1989" C758 2. ed. BIBTCEMT23111116 26/11/2023 Ex. 1 26/11/2023 Livros

Powered by Koha